| 000 | 00389nam a2200169Ia 4500 | ||
|---|---|---|---|
| 999 |
_c3642 _d3642 |
||
| 003 | OSt | ||
| 005 | 20230706124235.0 | ||
| 008 | 200302s9999 xx 000 0 und d | ||
| 020 | _a9781118745083 | ||
| 100 | _aFrancis D K Ching | ||
| 245 | _aArchitecture Form Space & Order | ||
| 250 | _a4th Ed. | ||
| 260 | _bJohn Wiley and Sons ,Inc | ||
| 260 | _c2015 | ||
| 300 | _a445 | ||
| 942 | _2ddc | ||